00490nam a2200181 a 4500001001300000003000900013005001700022008004100039020002300080082001900103100002700122245003200149260005000181300000900231500003500240505001000275650002300285nice12345678IN_TiNIC20260116014038.0050524s2001 cama grp 000 0 eng  a0521729 c69500a297.1977bBUT1 aButterworth, Charles E aBetween the State and Islam aCambridge bCambridge University Press c2001 a256p aincludes index and biblioraphy2 aIndex aIslam and Politics